000 00587nam a2200229Ia 4500
003 OSt
005 20221005121607.0
006 a|||||r|||| 00| 0
007 ta
008 221004b |||||||| |||| 00| 0 eng d
024 _a41890
037 _cTextual
040 _aCRL
_cCRL
_beng
041 _2eng
_aeng
082 _a/\:87v1:L, H8 close sec
100 _aSeligmann Kurt
_9287694
245 0 _aHistory of magic
260 _c1938
650 _aSPIRITUALISM
942 _h/\:87v1:L, H8 close sec
_cTEXL
_2cc
999 _c1041656
_d1041656